[Event "Foment Martinenc op-B 21st"]
[Site "Barcelona"]
[Date "2019.05.18"]
[Round "4"]
[White "Arias Aranda, Guillem"]
[Black "Mena Barberan, Joan Pere"]
[Result "0-1"]
[WhiteElo "1649"]
[BlackElo "1647"]
[PlyCount "42"]
[EventDate "2019.04.27"]
[EventType "swiss"]
[EventRounds "9"]
[EventCountry "ESP"]
[SourceTitle "EXT 2020"]
[Source "ChessBase"]
[SourceDate "2019.10.17"]
[SourceVersion "1"]
[SourceVersionDate "2019.10.17"]
[SourceQuality "1"]

1. e4 Nf6 2. Nc3 d5 3. e5 d4 4. exf6 dxc3 5. fxg7 cxd2+ 6. Bxd2 Bxg7 7. Qf3 Nc6 8. 0-0-0 Bd7 9. Bb5 Nd4 10. Bxd7+ Qxd7 11. Qxb7 0-0 12. Bc3 Qa4 13. b3 Qa3+ 14. Bb2 Ne2+ 15. Nxe2 Qxb2+ 16. Kd2 Rad8+ 17. Ke3 Qxc2 18. Qe4 Qxa2 19. Rxd8 Rxd8 20. Qxe7 Qxb3+ 21. Kf4 Qc4+ 0-1

[Event "Foment Martinenc op-B 20th"]
[Site "Barcelona"]
[Date "2018.04.21"]
[Round "1"]
[White "Mena Barberan, Joan Pere"]
[Black "Taltavull Hidalgo, Artur"]
[Result "0-1"]
[WhiteElo "1761"]
[BlackElo "1570"]
[PlyCount "78"]
[EventDate "2018.04.21"]
[EventType "swiss"]
[EventRounds "9"]
[EventCountry "ESP"]
[SourceTitle "CBM 184 Extra"]
[Source "ChessBase"]
[SourceDate "2018.06.28"]
[SourceVersion "1"]
[SourceVersionDate "2018.06.28"]
[SourceQuality "1"]

1. d4 Nf6 2. Bg5 Ne4 3. Bf4 e6 4. f3 Bd6 5. Bxd6 Nxd6 6. e4 0-0 7. Bd3 f5 8. Nc3 fxe4 9. fxe4 Qh4+ 10. g3 Qf6 11. Nge2 Nc6 12. e5 Qf2+ 13. Kd2 Nf5 14. Bxf5 Rxf5 15. Qf1 Nxd4 16. Qxf2 Rxf2 17. Ke1 Rxe2+ 18. Nxe2 Nxc2+ 19. Kd2 Nxa1 20. Rxa1 b6 21. b4 Ba6 22. Nf4 Kf7 23. Rc1 Rc8 24. a4 c5 25. b5 Bb7 26. Ke3 Bd5 27. Rd1 c4 28. Nxd5 exd5 29. Rxd5 Ke6 30. Ke4 c3 31. Rd1 c2 32. Rc1 Rc5 33. Kd3 Kxe5 34. Rxc2 Rxc2 35. Kxc2 Kd4 36. Kb3 d5 37. Kc2 Kc4 38. h4 d4 39. g4 Kb4 0-1